[Event "Titled Tuesday intern op 01st Apr Early"]
[Site "Chess.com INT"]
[Date "2025.04.01"]
[Round "3"]
[White "Sedaghati, Mehrdad"]
[Black "Solonkov, Dmitrij"]
[Result "0-1"]
[WhiteElo "2196"]
[BlackElo "2434"]
[PlyCount "48"]
[EventDate "2025.04.01"]
[EventType "swiss (blitz)"]
[EventRounds "11"]
[EventCountry "USA"]
[SourceTitle "CB15_2025"]
[SourceDate "2025.04.09"]
[SourceVersion "1"]
[SourceVersionDate "2025.04.09"]
[SourceQuality "1"]

1. e4 e6 2. d4 d5 3. Nc3 Bb4 4. e5 c5 5. a3 Bxc3+ 6. bxc3 Ne7 7. Qg4 Qc7 8. Qxg7 Rg8 9. Qxh7 cxd4 10. Ne2 Nbc6 11. Qd3 Nxe5 12. Qxd4 Nf5 13. Qd2 Bd7 14. Rb1 a6 15. h4 Bb5 16. h5 Rc8 17. Rb3 Bc4 18. h6 b5 19. h7 Rh8 20. Qg5 Kd7 21. g4 Nf3+ 22. Kd1 Nxg5 23. gxf5 Ne4 24. fxe6+ fxe6 0-1

[Event "Titled Tuesday intern op 01st Apr Early"]
[Site "Chess.com INT"]
[Date "2025.04.01"]
[Round "2"]
[White "Solonkov, Dmitrij"]
[Black "Liyanage, Ranindu Dilshan"]
[Result "0-1"]
[WhiteElo "2434"]
[BlackElo "2402"]
[PlyCount "52"]
[EventDate "2025.04.01"]
[EventType "swiss (blitz)"]
[EventRounds "11"]
[EventCountry "USA"]
[SourceTitle "CB15_2025"]
[SourceDate "2025.04.09"]
[SourceVersion "1"]
[SourceVersionDate "2025.04.09"]
[SourceQuality "1"]

1. e4 g6 2. Nf3 Bg7 3. d4 c6 4. Nc3 d6 5. a4 Nf6 6. h3 Qc7 7. Bd3 Nbd7 8. 0-0 0-0 9. Bf4 e5 10. dxe5 dxe5 11. Bh2 Nh5 12. Bc4 Nf4 13. Ne2 Nc5 14. Nxf4 exf4 15. Qc1 Qb6 16. c3 Be6 17. Bxe6 Nxe6 18. Bxf4 Nxf4 19. Qxf4 Qxb2 20. Rab1 Qxc3 21. Rxb7 Qa5 22. Rd1 Qxa4 23. Rdd7 Qa2 24. g3 h6 25. Qg4 a5 26. Qxg6 Qa1+ 0-1

[Event "Titled Tuesday intern op 01st Apr Early"]
[Site "Chess.com INT"]
[Date "2025.04.01"]
[Round "5"]
[White "Solonkov, Dmitrij"]
[Black "Pereira, Fabian1"]
[Result "0-1"]
[WhiteElo "2434"]
[BlackElo "2114"]
[PlyCount "154"]
[EventDate "2025.04.01"]
[EventType "swiss (blitz)"]
[EventRounds "11"]
[EventCountry "USA"]
[SourceTitle "CB15_2025"]
[SourceDate "2025.04.09"]
[SourceVersion "1"]
[SourceVersionDate "2025.04.09"]
[SourceQuality "1"]

1. e4 c5 2. Nf3 e6 3. d4 cxd4 4. Nxd4 a6 5. Nc3 Qc7 6. g3 b5 7. a3 Bb7 8. Bg2 Nf6 9. 0-0 d6 10. Bg5 Nbd7 11. Re1 Be7 12. Qe2 0-0 13. Rad1 Rac8 14. h4 Qb8 15. h5 h6 16. Bc1 Qa8 17. Nb3 Qb8 18. Nd4 Rfe8 19. Kh2 Ne5 20. Bf3 Nxf3+ 21. Qxf3 Qa8 22. Kg1 Rxc3 23. bxc3 Nxe4 24. Qd3 Rc8 25. Ne2 Bf6 26. Bf4 d5 27. Bd2 e5 28. Bc1 Bg5 29. Bxg5 Nxg5 30. Qf5 d4 31. cxd4 Bg2 32. Qxc8+ Qxc8 33. Kxg2 Qc6+ 34. Kh2 Nf3+ 35. Kh3 Nxe1 36. Rxe1 Qe6+ 37. Kg2 exd4 38. Kf1 Qe4 39. Ng1 Qxc2 40. Re8+ Kh7 41. Nf3 d3 42. Rd8 Qd1+ 43. Kg2 Qe2 44. Rd7 g6 45. hxg6+ Kxg6 46. Rd6+ Kg7 47. Rd4 a5 48. Rd5 b4 49. axb4 axb4 50. Rd4 b3 51. Rb4 d2 52. Nxd2 Qxd2 53. Rxb3 Qd5+ 54. Rf3 Kg6 55. g4 Kg5 56. Kg3 Qe4 57. Rf5+ Kg6 58. f3 Qe1+ 59. Kg2 Qe2+ 60. Kg3 Qf1 61. Rh5 Qg1+ 62. Kf4 Qd4+ 63. Kg3 Qg1+ 64. Kf4 Qf2 65. Rf5 Qh2+ 66. Ke4 f6 67. Ke3 Qg1+ 68. Kf4 Qc1+ 69. Kg3 Qc7+ 70. Kg2 Qc2+ 71. Kg3 Qxf5 72. gxf5+ Kxf5 73. f4 h5 74. Kf3 h4 75. Ke3 Kg4 76. Ke4 f5+ 77. Ke3 Kg3 0-1